Tous les Pokémon de type Normal (1G) - Statistiques

Statistiques générales
  • Ce quiz a été pris 27 fois
  • Le résultat moyen est 17 sur 22
Statistiques - réponses
Indices Réponses % Correct
Normal + Vol Piafabec
96%
Normal + Vol Rapasdepic
96%
Normal Rattata
96%
Normal Rattatac
96%
Normal + Vol Roucarnage
96%
Normal + Vol Roucool
96%
Normal + Vol Roucoups
96%
Normal + Fée Rondoudou
87%
Normal + Vol Doduo
83%
Normal + Fée Grodoudou
83%
Normal + Vol Dodrio
78%
Normal Ronflex
74%
Normal Tauros
74%
Normal Kangourex
70%
Normal Evoli
65%
Normal + Vol Canarticho
61%
Normal Leveinard
61%
Normal Miaouss
61%
Normal Persian
61%
Normal Porygon
57%
Normal Métamorph
48%
Normal Excelangue
39%
Aucun quiz correspondant
Distribution des résultats
% des personnes avec chaque résultat
Percentile par nombre de réponses
Votre historique - résultats
Vous n’avez pas pris ce quiz